[Event "23. Torneo San Viator"]
[Site "Madrid ESP"]
[Date "2014.10.19"]
[Round "4.28"]
[White "Linares Leyva, David"]
[Black "Rodriguez Romero, Martin"]
[Result "0-1"]
[WhiteElo "1841"]
[BlackElo "1422"]
[PlyCount "50"]
[EventDate "2014.09.28"]
[EventType "swiss"]
[EventRounds "9"]
[EventCountry "ESP"]
[SourceTitle "Ajedrez en Madrid"]
[Source "lmi"]
[SourceDate "2014.09.28"]
[SourceVersion "1"]
[SourceVersionDate "2014.12.18"]
[SourceQuality "1"]

1. Nf3 d5 2. c4 c6 3. e3 Nf6 4. d4 e5 5. Bd3 dxc4 6. Bxc4 b5 7. Bd3 Bb7 8. O-O
Nbd7 9. a3 a5 10. Bd2 Be7 11. Nc3 b4 12. axb4 axb4 13. Ne4 Nxe4 14. Bxe4 Nf6
15. Bd3 O-O 16. Qc2 Qb6 17. Nxe5 c5 18. dxc5 Bxc5 19. Rxa8 Rxa8 20. Rc1 Rc8 21.
Qa4 Qd6 22. Qb5 Qd5 23. f3 Qxe5 24. Rxc5 Qxc5 25. Qxb4 Rd8 0-1

[Event "23. Torneo San Viator"]
[Site "Madrid ESP"]
[Date "2014.10.19"]
[Round "4.29"]
[White "Corral Sanchez, Jesus"]
[Black "Camarero Izquierdo, Juan Carlo"]
[Result "0-1"]
[WhiteElo "1605"]
[BlackElo "1836"]
[PlyCount "128"]
[EventDate "2014.09.28"]
[EventType "swiss"]
[EventRounds "9"]
[EventCountry "ESP"]
[SourceTitle "Ajedrez en Madrid"]
[Source "lmi"]
[SourceDate "2014.09.28"]
[SourceVersion "1"]
[SourceVersionDate "2014.12.18"]
[SourceQuality "1"]

1. e4 c5 2. Nf3 d6 3. d4 cxd4 4. Nxd4 Nf6 5. Nc3 a6 6. Be2 e5 7. Nb3 b5 8. a3
Bb7 9. f3 Be7 10. Be3 O-O 11. O-O Nbd7 12. Qe1 Rc8 13. Qf2 Nc5 14. Nxc5 dxc5
15. Rfd1 Qc7 16. Rd2 Rfd8 17. Rad1 Rxd2 18. Rxd2 b4 19. axb4 cxb4 20. Na4 Qc6
21. b3 a5 22. Bc4 Qe8 23. Qe2 Bc6 24. Nb6 Rd8 25. Qd1 Rxd2 26. Qxd2 h6 27. Kf2
Bxe4 28. Kg1 Bc6 29. Nd5 Bxd5 30. Bxd5 a4 31. bxa4 Qxa4 32. Bb3 Qa1+ 33. Qc1
Qa6 34. Qf1 Qc6 35. Qc4 Qxc4 36. Bxc4 Nd7 37. Kf1 g5 38. Ke2 Kg7 39. Kd3 f5 40.
Be6 e4+ 41. fxe4 Ne5+ 42. Kd4 Bf6 43. Bxf5 Ng4+ 44. Kd3 Nxh2 45. Kc4 Nf1 46.
Bf2 Be7 47. g4 Nd2+ 48. Kd5 b3 49. cxb3 Nxb3 50. e5 Nd2 51. Bc5 Kf7 52. Bd4 Nf3
53. Bb2 Nh4 54. Ke4 Ng6 55. Kd4 Nf4 56. Ke4 Bf8 57. Ba1 Ke7 58. Bc3 Bg7 59.
Bb4+ Kf7 60. Kd4 h5 61. gxh5 Nxh5 62. Ke4 Ng3+ 63. Kf3 Nxf5 64. Kg4 Kg6 0-1

[Event "23. Torneo San Viator"]
[Site "Madrid ESP"]
[Date "2014.10.19"]
[Round "4.30"]
[White "Santos Burkholz, Mario"]
[Black "Rodriguez Valero, Martin"]
[Result "0-1"]
[WhiteElo "1426"]
[BlackElo "1814"]
[PlyCount "92"]
[EventDate "2014.09.28"]
[EventType "swiss"]
[EventRounds "9"]
[EventCountry "ESP"]
[SourceTitle "Ajedrez en Madrid"]
[Source "lmi"]
[SourceDate "2014.09.28"]
[SourceVersion "1"]
[SourceVersionDate "2014.12.18"]
[SourceQuality "1"]

1. d4 d5 2. e3 Nf6 3. Bd3 e6 4. f4 c5 5. c3 Nc6 6. Nf3 Be7 7. O-O Qc7 8. Ne5
cxd4 9. cxd4 Nb4 10. Nc3 Nxd3 11. Qxd3 Nd7 12. a3 f6 13. Nf3 f5 14. Qe2 O-O 15.
Ne5 Nxe5 16. fxe5 Bd7 17. Rf3 Qc4 18. Qd1 b5 19. Qf1 Bc6 20. Bd2 a5 21. Rc1
Qxf1+ 22. Rfxf1 Rfc8 23. Rc2 b4 24. Ne2 Bb5 25. Rxc8+ Rxc8 26. Rc1 Rxc1+ 27.
Nxc1 bxa3 28. bxa3 Bxa3 29. Na2 a4 30. Bb4 Bxb4 31. Nxb4 a3 32. Nc2 a2 33. Kf2
Kf7 34. Ke1 g5 35. g3 Bd3 36. Na1 Kg6 37. Kf2 Kh5 38. Kg2 Be4+ 39. Kg1 Kg4 40.
Nb3 Kf3 41. Kf1 Kxe3 42. Ke1 Bc2 43. Na1 Ba4 44. Kf1 Kxd4 45. Ke2 Kc3 46. Ke3
d4+ 0-1

[Event "23. Torneo San Viator"]
[Site "Madrid ESP"]
[Date "2014.10.19"]
[Round "4.31"]
[White "Estirado De Cabo, Cesar"]
[Black "Uceda Martinez, Jacinto"]
[Result "0-1"]
[WhiteElo "1404"]
[BlackElo "1795"]
[PlyCount "84"]
[EventDate "2014.09.28"]
[EventType "swiss"]
[EventRounds "9"]
[EventCountry "ESP"]
[SourceTitle "Ajedrez en Madrid"]
[Source "lmi"]
[SourceDate "2014.09.28"]
[SourceVersion "1"]
[SourceVersionDate "2014.12.18"]
[SourceQuality "1"]

1. d4 f5 2. c4 Nf6 3. Nc3 e6 4. Nf3 d5 5. e3 c6 6. a3 Bd6 7. b4 Nbd7 8. c5 Bc7
9. Be2 O-O 10. O-O Ne4 11. Nxe4 fxe4 12. Nd2 Qh4 13. g3 Qg5 14. f4 exf3 15.
Nxf3 Qe7 16. Qe1 e5 17. Nxe5 Nxe5 18. dxe5 Bxe5 19. Ra2 Bh3 20. Rxf8+ Rxf8 21.
Bd3 Bc7 22. Rf2 Re8 23. Bf1 Bg4 24. Bg2 b6 25. Rc2 Bf5 26. cxb6 Bxc2 27. bxc7
Qxc7 28. Qc3 Be4 29. Bh3 Re7 30. Bb2 Qd6 31. Bc1 Qh6 32. Bg4 Qg6 33. Bh3 h5 34.
Qe1 Rf7 35. Bb2 Re7 36. Bc1 h4 37. Qf2 Rf7 38. Qe1 hxg3 39. hxg3 Rf3 40. Kh2
Qf6 41. Qg1 Rf2+ 42. Bg2 Qh6# 0-1

[Event "23. Torneo San Viator"]
[Site "Madrid ESP"]
[Date "2014.10.19"]
[Round "4.32"]
[White "Rodriguez Bittar, Karim Javier"]
[Black "Del Rio Perezagua, Mario"]
[Result "1-0"]
[WhiteElo "1786"]
[BlackElo "1348"]
[PlyCount "47"]
[EventDate "2014.09.28"]
[EventType "swiss"]
[EventRounds "9"]
[EventCountry "ESP"]
[SourceTitle "Ajedrez en Madrid"]
[Source "lmi"]
[SourceDate "2014.09.28"]
[SourceVersion "1"]
[SourceVersionDate "2014.12.18"]
[SourceQuality "1"]

1. e4 e5 2. Nf3 Nf6 3. Nxe5 Qe7 4. Nf3 Qxe4+ 5. Be2 d5 6. Nc3 Qb4 7. a3 Qd6 8.
d4 c6 9. O-O Be7 10. Ne5 Nbd7 11. Bf4 O-O 12. Ng6 Qe6 13. Nxf8 Nxf8 14. Bd3 Bd6
15. Re1 Qd7 16. Bg5 Qe7 17. Qf3 Be5 18. Rxe5 Qd6 19. h3 c5 20. Nxd5 N8d7 21.
Nxf6+ Nxf6 22. Rae1 Bd7 23. dxc5 Qd4 24. Qxb7 1-0

[Event "23. Torneo San Viator"]
[Site "Madrid ESP"]
[Date "2014.10.19"]
[Round "4.33"]
[White "Jimenez Sanchez, Juan Daniel"]
[Black "Munoz Cebey, Ricardo"]
[Result "0-1"]
[WhiteElo "1367"]
[BlackElo "1779"]
[PlyCount "76"]
[EventDate "2014.09.28"]
[EventType "swiss"]
[EventRounds "9"]
[EventCountry "ESP"]
[SourceTitle "Ajedrez en Madrid"]
[Source "lmi"]
[SourceDate "2014.09.28"]
[SourceVersion "1"]
[SourceVersionDate "2014.12.18"]
[SourceQuality "1"]

1. d4 d5 2. Nf3 Nf6 3. c4 dxc4 4. g3 e6 5. Bg2 Nbd7 6. O-O c6 7. Qc2 Bd6 8.
Qxc4 O-O 9. Nbd2 Qe7 10. Qc2 e5 11. dxe5 Nxe5 12. Nxe5 Bxe5 13. Nf3 Bc7 14. Bg5
h6 15. Be3 Re8 16. h3 Nd5 17. Bc5 Qxe2 18. Nd2 Be6 19. Rfe1 Qa6 20. Bf1 b5 21.
Re2 Qc8 22. g4 Qd7 23. f3 a6 24. a3 Rac8 25. Rd1 Bb8 26. Ne4 Qb7 27. g5 hxg5
28. Nxg5 Nf6 29. Re4 Ba7 30. Bd3 Bxc5+ 31. Qxc5 Nxe4 32. Bxe4 Qe7 33. Qc1 Bd5
34. Qf4 Bxe4 35. Qh4 Bg6 36. Rf1 Rcd8 37. f4 Qe3+ 38. Rf2 Rd2 0-1

[Event "23. Torneo San Viator"]
[Site "Madrid ESP"]
[Date "2014.10.19"]
[Round "4.34"]
[White "Del Noval Nemeshazi, Mario"]
[Black "Cuellar Gutierrez, Raul"]
[Result "0-1"]
[WhiteElo "1309"]
[BlackElo "1690"]
[PlyCount "60"]
[EventDate "2014.09.28"]
[EventType "swiss"]
[EventRounds "9"]
[EventCountry "ESP"]
[SourceTitle "Ajedrez en Madrid"]
[Source "lmi"]
[SourceDate "2014.09.28"]
[SourceVersion "1"]
[SourceVersionDate "2014.12.18"]
[SourceQuality "1"]

1. d4 e6 2. e4 d5 3. e5 c5 4. c3 Nc6 5. Nf3 Qb6 6. a3 Nge7 7. Bd3 cxd4 8. cxd4
Bd7 9. Bc2 Nf5 10. Bxf5 exf5 11. Nc3 Be6 12. O-O Be7 13. Re1 O-O 14. Rb1 Rac8
15. Be3 Na5 16. Qd3 Nc4 17. Qe2 Nxe3 18. Qxe3 Qa5 19. Ra1 b5 20. Rec1 Rc6 21.
b4 Qb6 22. Ng5 Rfc8 23. Nxe6 fxe6 24. h3 h6 25. Rc2 Rc4 26. Rd1 a5 27. f4 axb4
28. axb4 Bxb4 29. Rd3 Ba5 30. Kf2 b4 0-1

[Event "23. Torneo San Viator"]
[Site "Madrid ESP"]
[Date "2014.10.19"]
[Round "4.36"]
[White "Vazquez Gonzalez, Francisco"]
[Black "Cortijo Manso, Luis"]
[Result "1-0"]
[WhiteElo "1975"]
[BlackElo "1546"]
[PlyCount "93"]
[EventDate "2014.09.28"]
[EventType "swiss"]
[EventRounds "9"]
[EventCountry "ESP"]
[SourceTitle "Ajedrez en Madrid"]
[Source "lmi"]
[SourceDate "2014.09.28"]
[SourceVersion "1"]
[SourceVersionDate "2014.12.18"]
[SourceQuality "1"]

1. e4 e6 2. d4 d5 3. e5 c5 4. c3 Qb6 5. Nf3 Nc6 6. a3 Nh6 7. b4 cxd4 8. cxd4
Nf5 9. Be3 Nxe3 10. fxe3 Bd7 11. Nc3 Rc8 12. Na4 Qd8 13. Nc5 Bxc5 14. bxc5 Qa5+
15. Qd2 b6 16. cxb6 axb6 17. Bd3 Qxd2+ 18. Nxd2 O-O 19. O-O Ne7 20. Rfb1 Rb8
21. Rb2 f6 22. exf6 Rxf6 23. Nf3 Nf5 24. Kf2 Nd6 25. Ke2 Rff8 26. Ne5 Be8 27.
Rab1 b5 28. a4 Nc4 29. Bxc4 dxc4 30. Nxc4 Bg6 31. axb5 Bxb1 32. Rxb1 Rfc8 33.
Kd3 Kf8 34. b6 Ke7 35. Rb5 Rc6 36. Ra5 Rcxb6 37. Nxb6 Rxb6 38. Ra2 Kd6 39. Ke4
h6 40. Ra7 g5 41. Rh7 Rb2 42. Rxh6 Rxg2 43. Kf3 Rg1 44. Kf2 Rg4 45. h3 Rh4 46.
Rxh4 gxh4 47. e4 1-0

[Event "23. Torneo San Viator"]
[Site "Madrid ESP"]
[Date "2014.10.19"]
[Round "4.37"]
[White "Padin Lazaro, Jose Manuel"]
[Black "Gallego Romero, Manuel"]
[Result "1-0"]
[WhiteElo "1922"]
[BlackElo "1500"]
[PlyCount "109"]
[EventDate "2014.09.28"]
[EventType "swiss"]
[EventRounds "9"]
[EventCountry "ESP"]
[SourceTitle "Ajedrez en Madrid"]
[Source "lmi"]
[SourceDate "2014.09.28"]
[SourceVersion "1"]
[SourceVersionDate "2014.12.18"]
[SourceQuality "1"]

1. e4 e5 2. Nf3 d6 3. d4 exd4 4. Nxd4 Nf6 5. Nc3 c6 6. Bf4 Nbd7 7. Qd2 a6 8.
O-O-O Ne5 9. Nf3 Bg4 10. Bxe5 dxe5 11. Qxd8+ Rxd8 12. Rxd8+ Kxd8 13. Nxe5 Be6
14. Bc4 Ke7 15. f3 g6 16. Bxe6 Kxe6 17. Nc4 Be7 18. Rd1 Rb8 19. Ne2 Nh5 20.
Nd4+ Kf6 21. g3 Kg7 22. Ne2 Nf6 23. c3 Kf8 24. Nf4 Ke8 25. e5 Nd7 26. e6 Nf6
27. Nd6+ Bxd6 28. Rxd6 Ke7 29. Rd2 g5 30. Nh3 h6 31. exf7 Kxf7 32. Nf2 Re8 33.
Kd1 Re7 34. Re2 Rd7+ 35. Kc2 Rd5 36. Nd3 Nd7 37. f4 gxf4 38. Nxf4 Rd6 39. Rd2
Rxd2+ 40. Kxd2 Nf6 41. Nd3 Nd7 42. Ke3 c5 43. Kf4 Kf6 44. g4 c4 45. Nf2 Nc5 46.
h4 Nd3+ 47. Nxd3 cxd3 48. Ke3 Ke5 49. g5 hxg5 50. hxg5 Kf5 51. Kxd3 Kxg5 52.
Kd4 Kf5 53. Kc5 Ke5 54. Kb6 Kd5 55. Kxb7 1-0

[Event "23. Torneo San Viator"]
[Site "Madrid ESP"]
[Date "2014.10.19"]
[Round "4.38"]
[White "Marcos Herrero, Francisco"]
[Black "Jimenez Manzano, Emiliano"]
[Result "1-0"]
[WhiteElo "1918"]
[BlackElo "1490"]
[PlyCount "51"]
[EventDate "2014.09.28"]
[EventType "swiss"]
[EventRounds "9"]
[EventCountry "ESP"]
[SourceTitle "Ajedrez en Madrid"]
[Source "lmi"]
[SourceDate "2014.09.28"]
[SourceVersion "1"]
[SourceVersionDate "2014.12.18"]
[SourceQuality "1"]

1. c4 g6 2. g3 Bg7 3. Bg2 c6 4. Nc3 Nf6 5. e4 e5 6. Nf3 d6 7. O-O O-O 8. d4 Bg4
9. dxe5 Bxf3 10. Qxf3 dxe5 11. Rd1 Qc7 12. Be3 Nbd7 13. b4 a6 14. a4 Ne8 15.
Bh3 Ndf6 16. Bc5 Rd8 17. Rxd8 Qxd8 18. Rd1 Qc7 19. a5 Kh8 20. Bxf8 Bxf8 21. c5
h6 22. Na4 Bg7 23. Nb6 h5 24. Bd7 Kg8 25. Bxe8 Nxe8 26. Rd7 1-0

[Event "23. Torneo San Viator"]
[Site "Madrid ESP"]
[Date "2014.10.19"]
[Round "4.39"]
[White "Garcia Martin, Esteban"]
[Black "Hidalgo Prado, David"]
[Result "1-0"]
[WhiteElo "1917"]
[BlackElo "1449"]
[PlyCount "69"]
[EventDate "2014.09.28"]
[EventType "swiss"]
[EventRounds "9"]
[EventCountry "ESP"]
[SourceTitle "Ajedrez en Madrid"]
[Source "lmi"]
[SourceDate "2014.09.28"]
[SourceVersion "1"]
[SourceVersionDate "2014.12.18"]
[SourceQuality "1"]

1. e4 e6 2. d4 d5 3. Nc3 Nf6 4. Bg5 Be7 5. e5 Nfd7 6. h4 a6 7. Qg4 Bxg5 8. hxg5
Nf8 9. Bd3 g6 10. Nf3 Nc6 11. O-O-O Ne7 12. Qf4 Nf5 13. g4 Ne7 14. Rh3 Ng8 15.
Na4 b6 16. c4 Bd7 17. Nc3 c6 18. Nd2 Qe7 19. Nde4 dxe4 20. Nxe4 Kd8 21. Nd6 Be8
22. Be4 Ra7 23. d5 cxd5 24. cxd5 Nd7 25. Rc3 Rc7 26. Rxc7 Kxc7 27. Nb5+ Kb8 28.
d6 Qd8 29. Nc7 Nc5 30. Bg2 Ka7 31. b4 Nd7 32. Qe4 Qc8 33. Kb1 h5 34. Nxe8 hxg4
35. Rc1 1-0

[Event "23. Torneo San Viator"]
[Site "Madrid ESP"]
[Date "2014.10.19"]
[Round "4.40"]
[White "Martin Rodriguez, Jose Luis"]
[Black "Romero Gomez, Juan Carlos"]
[Result "1-0"]
[WhiteElo "1430"]
[BlackElo "1893"]
[PlyCount "65"]
[EventDate "2014.09.28"]
[EventType "swiss"]
[EventRounds "9"]
[EventCountry "ESP"]
[SourceTitle "Ajedrez en Madrid"]
[Source "lmi"]
[SourceDate "2014.09.28"]
[SourceVersion "1"]
[SourceVersionDate "2014.12.18"]
[SourceQuality "1"]

1. e4 e5 2. Nf3 Nc6 3. d4 exd4 4. Nxd4 Bc5 5. Be3 Bb6 6. Nxc6 bxc6 7. Bxb6 cxb6
8. Qd6 Ne7 9. Bd3 O-O 10. O-O a5 11. Nc3 f5 12. Rfe1 f4 13. f3 Rf6 14. Qd4 b5
15. Ne2 Rf7 16. e5 Nd5 17. Bxb5 Qg5 18. Bd3 Ne3 19. Nxf4 Nf5 20. Bxf5 Rxf5 21.
g3 Ba6 22. Qe3 Raf8 23. Ng2 Qg6 24. f4 Qh5 25. Rad1 Bc4 26. Rxd7 g5 27. Qc3 Bd5
28. e6 Qg6 29. e7 Re8 30. Qe3 h5 31. Rd8 Kh7 32. Rxe8 Qxe8 33. fxg5 1-0

[Event "23. Torneo San Viator"]
[Site "Madrid ESP"]
[Date "2014.10.19"]
[Round "4.41"]
[White "Lianes Garcia, Marcos"]
[Black "Enriquez Pastor, Jorge"]
[Result "1-0"]
[WhiteElo "1870"]
[BlackElo "1445"]
[PlyCount "35"]
[EventDate "2014.09.28"]
[EventType "swiss"]
[EventRounds "9"]
[EventCountry "ESP"]
[SourceTitle "Ajedrez en Madrid"]
[Source "lmi"]
[SourceDate "2014.09.28"]
[SourceVersion "1"]
[SourceVersionDate "2014.12.18"]
[SourceQuality "1"]

1. e4 c6 2. d4 d5 3. Nc3 dxe4 4. Nxe4 Nf6 5. Nxf6+ exf6 6. c3 Be6 7. Bd3 c5 8.
Ne2 Nc6 9. Bb5 cxd4 10. Nxd4 Bd7 11. Bxc6 Bxc6 12. O-O Be7 13. Qg4 Rg8 14. Re1
Bd7 15. Qe4 Rh8 16. Bf4 Bc6 17. Nxc6 bxc6 18. Rad1 1-0

[Event "23. Torneo San Viator"]
[Site "Madrid ESP"]
[Date "2014.10.19"]
[Round "4.42"]
[White "Aguilera Lopez, Alejandro"]
[Black "Insua Rodriguez, Antonio"]
[Result "1-0"]
[WhiteElo "1867"]
[BlackElo "1430"]
[PlyCount "70"]
[EventDate "2014.09.28"]
[EventType "swiss"]
[EventRounds "9"]
[EventCountry "ESP"]
[SourceTitle "Ajedrez en Madrid"]
[Source "lmi"]
[SourceDate "2014.09.28"]
[SourceVersion "1"]
[SourceVersionDate "2014.12.18"]
[SourceQuality "1"]

1. d4 d5 2. Nf3 e6 3. e3 Nf6 4. Bd3 Nbd7 5. O-O c5 6. b3 Bd6 7. Bb2 O-O 8. Ne5
Qc7 9. f4 Ne4 10. Qg4 f5 11. Qh5 Ndf6 12. Qe2 a6 13. a4 Qa5 14. Rf3 Bc7 15.
Bxe4 Nxe4 16. Rh3 Bd8 17. dxc5 Nf6 18. Nd2 Qc7 19. Nd3 Be7 20. b4 Bd7 21. c4 b5
22. cxd5 exd5 23. Be5 Qc6 24. a5 Be6 25. Nf3 Bf7 26. Nd4 Qc8 27. Rc1 Bd8 28.
Qe1 Bc7 29. Bxf6 gxf6 30. c6 Qe8 31. Nc5 Bg6 32. Qh4 Rf7 33. Rg3 Re7 34. Nxf5
Kf7 35. Rxg6 Kxg6 1-0

[Event "23. Torneo San Viator"]
[Site "Madrid ESP"]
[Date "2014.10.19"]
[Round "4.43"]
[White "Perez Sempere, Alberto"]
[Black "Aguilera Prada, Alejandro"]
[Result "0-1"]
[WhiteElo "1845"]
[BlackElo "1417"]
[PlyCount "52"]
[EventDate "2014.09.28"]
[EventType "swiss"]
[EventRounds "9"]
[EventCountry "ESP"]
[SourceTitle "Ajedrez en Madrid"]
[Source "lmi"]
[SourceDate "2014.09.28"]
[SourceVersion "1"]
[SourceVersionDate "2014.12.18"]
[SourceQuality "1"]

1. e4 d6 2. d4 g6 3. Nf3 Bg7 4. Be3 Nf6 5. Nc3 a6 6. Be2 b5 7. a3 Bb7 8. Bd3
O-O 9. O-O Nbd7 10. b4 Rc8 11. a4 c5 12. axb5 cxb4 13. bxa6 Ba8 14. Na2 Nxe4
15. Bxe4 Bxe4 16. Nxb4 Qb6 17. Qd2 Ra8 18. Rfb1 Qc7 19. Ne1 Nb6 20. f3 Bf5 21.
g4 Bc8 22. Rb3 e6 23. Rc3 Nc4 24. Qe2 d5 25. Nbd3 Qb6 26. Rb3 Nxe3 0-1

[Event "23. Torneo San Viator"]
[Site "Madrid ESP"]
[Date "2014.10.19"]
[Round "4.44"]
[White "Bustos Bernardo, Samuel"]
[Black "Fernandez Rodriguez, Alberto"]
[Result "1-0"]
[WhiteElo "1826"]
[BlackElo "1417"]
[PlyCount "57"]
[EventDate "2014.09.28"]
[EventType "swiss"]
[EventRounds "9"]
[EventCountry "ESP"]
[SourceTitle "Ajedrez en Madrid"]
[Source "lmi"]
[SourceDate "2014.09.28"]
[SourceVersion "1"]
[SourceVersionDate "2014.12.18"]
[SourceQuality "1"]

1. Nf3 Nf6 2. c4 g6 3. Nc3 Bg7 4. e4 d6 5. d4 O-O 6. Be2 Nbd7 7. O-O e5 8. Re1
exd4 9. Nxd4 Nc5 10. f3 Ne6 11. Be3 Nxd4 12. Bxd4 Nd7 13. Nd5 c6 14. Nc3 Bxd4+
15. Qxd4 Qb6 16. Qxb6 Nxb6 17. Red1 Be6 18. b3 Rad8 19. Rd2 Rd7 20. Rad1 Rfd8
21. f4 f5 22. Bf3 fxe4 23. Nxe4 Kg7 24. Rxd6 Rxd6 25. Rxd6 Rxd6 26. Nxd6 Bf5
27. Nxb7 Bb1 28. a3 Ba2 29. Nc5 1-0

[Event "23. Torneo San Viator"]
[Site "Madrid ESP"]
[Date "2014.10.19"]
[Round "4.45"]
[White "Borras Cerda, Carlos"]
[Black "Ore Leon, Gustavo"]
[Result "0-1"]
[WhiteElo "1384"]
[BlackElo "1785"]
[PlyCount "92"]
[EventDate "2014.09.28"]
[EventType "swiss"]
[EventRounds "9"]
[EventCountry "ESP"]
[SourceTitle "Ajedrez en Madrid"]
[Source "lmi"]
[SourceDate "2014.09.28"]
[SourceVersion "1"]
[SourceVersionDate "2014.12.18"]
[SourceQuality "1"]

1. d4 Nf6 2. Nf3 g6 3. Bg5 Bg7 4. Nbd2 d5 5. e3 O-O 6. Bd3 Re8 7. Ne5 a6 8. c3
Be6 9. a4 Nbd7 10. f4 Nxe5 11. fxe5 Nd7 12. O-O c5 13. h3 Qb6 14. Qc1 Rac8 15.
h4 cxd4 16. exd4 Bxe5 17. Nf3 Bg7 18. Bh6 Nf6 19. Bxg7 Kxg7 20. Ne5 Red8 21.
Qc2 Ng4 22. Nxg4 Bxg4 23. Ra3 Rd6 24. Rb3 Qc7 25. Be2 Qd7 26. Qd1 Be6 27. Rb4
h5 28. Qd2 Rcc6 29. Qg5 Rb6 30. Rxb6 Rxb6 31. b4 f6 32. Qe3 Bf7 33. Qg3 Qd6 34.
Kh2 Qxg3+ 35. Kxg3 Rc6 36. Rf3 Be6 37. Re3 Kf7 38. Kf4 Rc7 39. g3 Bd7 40. a5
Bc6 41. Bf3 e6 42. Be2 Bd7 43. Bf3 e5+ 44. dxe5 Rc4+ 45. Be4 f5 46. Kf3 fxe4+
0-1

[Event "23. Torneo San Viator"]
[Site "Madrid ESP"]
[Date "2014.10.19"]
[Round "4.46"]
[White "Perez Perez, Marta"]
[Black "Manso Santamaria, Juan Carlos"]
[Result "1/2-1/2"]
[WhiteElo "1364"]
[BlackElo "1647"]
[PlyCount "66"]
[EventDate "2014.09.28"]
[EventType "swiss"]
[EventRounds "9"]
[EventCountry "ESP"]
[SourceTitle "Ajedrez en Madrid"]
[Source "lmi"]
[SourceDate "2014.09.28"]
[SourceVersion "1"]
[SourceVersionDate "2014.12.18"]
[SourceQuality "1"]

1. e4 e6 2. d4 d5 3. Nd2 dxe4 4. Nxe4 Be7 5. Nf3 Nf6 6. Nc3 O-O 7. Bd3 Nbd7 8.
O-O c5 9. Re1 a6 10. Be3 b5 11. dxc5 Nxc5 12. Bxc5 Bxc5 13. Ne4 Ba7 14. c3 Bb7
15. Qc2 h6 16. Rad1 Qe7 17. Nxf6+ Qxf6 18. Be4 Bxe4 19. Qxe4 g5 20. h3 b4 21.
Qxb4 Rab8 22. Qa3 Ra8 23. Rd6 Rfd8 24. Rxd8+ Rxd8 25. Qxa6 Rd7 26. Qa4 Qe7 27.
Rd1 Rb7 28. Rd2 Qc5 29. Qe4 Rb8 30. Qd4 Qa5 31. Qc4 Qb6 32. Qd4 Qa5 33. Qc4 Qb6
1/2-1/2

[Event "23. Torneo San Viator"]
[Site "Madrid ESP"]
[Date "2014.10.19"]
[Round "4.47"]
[White "Fogue Caro, David"]
[Black "Jimenez Perez, Federico"]
[Result "1-0"]
[WhiteElo "1617"]
[BlackElo "1334"]
[PlyCount "71"]
[EventDate "2014.09.28"]
[EventType "swiss"]
[EventRounds "9"]
[EventCountry "ESP"]
[SourceTitle "Ajedrez en Madrid"]
[Source "lmi"]
[SourceDate "2014.09.28"]
[SourceVersion "1"]
[SourceVersionDate "2014.12.18"]
[SourceQuality "1"]

1. c4 Nf6 2. Nc3 d6 3. g3 Nbd7 4. Bg2 c6 5. e4 e5 6. Nge2 Be7 7. O-O O-O 8. d3
a6 9. f4 Nc5 10. b4 Ne6 11. Kh1 Bd7 12. f5 Nd4 13. Nxd4 exd4 14. Ne2 Qb6 15.
Bd2 c5 16. bxc5 Qxc5 17. Nf4 Bc6 18. g4 h6 19. Nh3 Nd7 20. g5 Ne5 21. gxh6 g6
22. Bg5 Bxg5 23. Nxg5 Rae8 24. Rf4 b5 25. Qf1 bxc4 26. fxg6 Nxd3 27. gxf7+ Rxf7
28. Rxf7 Qxg5 29. Rg7+ Qxg7 30. hxg7 Kxg7 31. Qf3 Bxe4 32. Qg4+ Kf8 33. Rf1+
Ke7 34. Qxe4+ Kd8 35. Qh4+ Kd7 36. Bc6+ 1-0

[Event "23. Torneo San Viator"]
[Site "Madrid ESP"]
[Date "2014.10.19"]
[Round "4.48"]
[White "Lianes Garcia, Alicia"]
[Black "Castro Uceda, Jose Antonio"]
[Result "0-1"]
[WhiteElo "1346"]
[BlackElo "1582"]
[PlyCount "114"]
[EventDate "2014.09.28"]
[EventType "swiss"]
[EventRounds "9"]
[EventCountry "ESP"]
[SourceTitle "Ajedrez en Madrid"]
[Source "lmi"]
[SourceDate "2014.09.28"]
[SourceVersion "1"]
[SourceVersionDate "2014.12.18"]
[SourceQuality "1"]

1. e4 c5 2. Nf3 d6 3. d4 cxd4 4. Nxd4 Nf6 5. Nc3 a6 6. Be3 e5 7. Nb3 Be7 8. Qd2
Ng4 9. h3 Nxe3 10. Qxe3 O-O 11. Nd5 Nd7 12. Rd1 Bg5 13. Qc3 Nf6 14. Nxf6+ Bxf6
15. Nc5 b6 16. Nb3 Bb7 17. Bd3 a5 18. O-O a4 19. Nc1 d5 20. Bb5 d4 21. Qf3 Ra5
22. Bd3 Qc8 23. Ne2 Qe6 24. b3 axb3 25. cxb3 Rxa2 26. Bc4 Qc6 27. Bd5 Qd7 28.
Bxb7 Qxb7 29. Ra1 Rfa8 30. Rxa2 Rxa2 31. Rd1 Qa6 32. Kf1 Ra1 33. Rxa1 Qxa1+ 34.
Nc1 Qxc1+ 35. Ke2 h6 36. Qd3 Qb2+ 37. Qd2 Qxb3 38. Qd3 Qb2+ 39. Qd2 Qxd2+ 40.
Kxd2 Kf8 41. Kd3 Bd8 42. Kc4 Ke7 43. Kd3 Ke6 44. Kc2 g6 45. Kd3 f5 46. f3 b5
47. Kc2 Kd6 48. Kd3 Kc5 49. Kc2 Kc4 50. Kb2 b4 51. Kc1 Kc3 52. Kb1 d3 53. Kc1
d2+ 54. Kb1 d1=Q+ 55. Ka2 b3+ 56. Ka3 b2 57. f4 Qb3# 0-1

[Event "23. Torneo San Viator"]
[Site "Madrid ESP"]
[Date "2014.10.19"]
[Round "4.50"]
[White "Martos De La Vega, Alvar"]
[Black "Del Noval Perez, Jeronimo"]
[Result "1-0"]
[WhiteElo "1951"]
[BlackElo "1448"]
[PlyCount "95"]
[EventDate "2014.09.28"]
[EventType "swiss"]
[EventRounds "9"]
[EventCountry "ESP"]
[SourceTitle "Ajedrez en Madrid"]
[Source "lmi"]
[SourceDate "2014.09.28"]
[SourceVersion "1"]
[SourceVersionDate "2014.12.18"]
[SourceQuality "1"]

1. d4 d5 2. c4 e6 3. Nc3 Nf6 4. cxd5 exd5 5. Bg5 Be7 6. Qc2 c6 7. e3 Nbd7 8.
Bd3 h6 9. Bh4 O-O 10. Nge2 Re8 11. O-O Qc7 12. Bg3 Bd6 13. Nb5 cxb5 14. Qxc7
Bxc7 15. Bxc7 a6 16. Rfc1 Nf8 17. Be5 Ng4 18. Bg3 Be6 19. Rc7 b6 20. Rb7 Nd7
21. Rc1 Rec8 22. Rbc7 Rxc7 23. Rxc7 Ngf6 24. h3 b4 25. Rc6 b5 26. Bd6 Ne4 27.
Bxb4 Nb8 28. Rc1 a5 29. Be1 b4 30. f3 Nf6 31. Nf4 Bd7 32. Bc2 g5 33. Nd3 Bb5
34. Nc5 Nbd7 35. Bf5 Ra7 36. Nxd7 Nxd7 37. Rc8+ Kg7 38. Bg3 Nb6 39. Rc5 Be8 40.
Kf2 Kf6 41. Bd3 Ke6 42. h4 Na4 43. Rc2 f6 44. Ke2 Bd7 45. Be1 Kd6 46. b3 Nb6
47. g4 Rc7 48. Bg3+ 1-0